| 000 | 00569nam a22001817a 4500 | ||
|---|---|---|---|
| 003 | OSt | ||
| 005 | 20251023091451.0 | ||
| 008 | 251023b |||||||| |||| 00| 0 eng d | ||
| 020 | _a978-81-7245-478-4. | ||
| 040 |
_aDWC-Main Lib. _cOC |
||
| 082 | _aCirc. 721.822 G657 2011 | ||
| 245 | _aGoodwill's designer grills for doors & shutters/ | ||
| 260 |
_aNew Delhi : _bGoodwill Pub. House, _c[c2011]. |
||
| 300 |
_a80 p.: _bill.; _c25 cm. |
||
| 650 | _a1. Doors-Architectural details. | ||
| 650 | _a2. Doors-Design and construction. | ||
| 942 |
_2ddc _cBK-CIRC _hCirc. _n0 |
||
| 999 |
_c5077 _d5077 |
||